000 00364nam a22001337a 4500
999 _c2202
_d2202
008 200217b ||||| |||| 00| 0 eng d
082 0 0 _a658.4034
_bS5313
100 _91786
_aSharma, J. K.
245 1 0 _aOperations research: theory and practice /
_cby J.K. Sharma
260 _aNew Delhi:
_bMacmillan,
_cc
300 _ax
650 0 _aOperations research
942 _cBK